Fundación Pehuén 07: memoria anual

Saved in:
Bibliographic Details
Format: Book
Language:Spanish
Published: Santiago Fundación Pehuén 2007
Subjects:
Tags: Add Tag
No Tags, Be the first to tag this record!

MARC

LEADER 00000nam a2200000 a 4500
001 UCG3562
003 CL-VaPUC
008 100902e20070000CL |||||||||||||||||spa|d
082 0 4 |a 338.983  |b FUN  |2 21 
245 1 0 |a Fundación Pehuén 07: memoria anual 
300 |a 35 p 
942 |c BK 
945 |d 20100902 00:00:00  |a mfarfan 
260 |a Santiago  |b Fundación Pehuén  |c 2007 
650 7 |a ESTADOS FINANCIEROS  |2 CL-VaPUC  |9 552793 
650 0 |a Proyectos de inversión   |9 261065 
650 0 |a Mapuches   |9 392456 
650 7 |a DESARROLLO GANADERO  |2 CL-VaPUC  |9 542098 
650 0 |a Turismo rural  |9 465355 
583 |a last modification  |c 20100902 00:00:00  |k Rodrigo Vera 
999 |c 342616  |d 342614 
952 |0 0  |1 0  |4 0  |6 338_983000000000000_FUN_2007  |7 0  |8 A  |9 438991  |a BIBGIM  |b BIBGIM  |d 2019-11-22  |i 4711866  |o 338.983 FUN 2007  |p 4711866  |r 2025-01-15  |w 2019-11-22  |y BK  |k GIM